• 首页
  • 本馆介绍
  • 公告通知
  • 最新文献
  • 馆藏检索
  • 电子资源
  • 读者导购
  • 参考咨询
  • 我的图书馆
  • 登录
  • 详细信息显示
  • 放入我的书架
  • 预约/预借图书
  • 作者相关作品
  • 分类相关作品
  • 丛书相关作品
  • 出版社相关作品

书目信息

  • 表格格式
  • 工作单格式
  • 卡片格式
题名:
人在太空
    
 
作者: 邸乃庸 编著
分册:  
出版信息: 深圳   海天出版社  2005
页数: 227页
开本: 21cm
丛书名:
单 册:
中图分类: V527
科图分类:
主题词: 载人航天飞行--普及读物 , 载人航天飞行
电子资源:
ISBN: 7-80697-614-0
000 00828nam0 2200241 450
001 010050032200
005 20061106162625.37
010    @a7-80697-614-0@dCNY34.50
100    @a20051128d2005 em y0chiy0110 ea
101 0  @achi
102    @aCN@b440000
105    @aa z 000yy
200 1  @a人在太空@9ren zai tai kong@e航天员太空生活工作纪实@f邸乃庸编著
210    @a深圳@c海天出版社@d2005
215    @a227页@c照片@d21cm
330    @a本书用大量实际拍摄的航天员在太空各种活动的照片,以图文并茂的形式,展现航天员在太空生活、工作、科学实验等精彩画卷。
517 1  @a航天员太空生活工作纪实@9hang tian yuan tai kong sheng huo gong zuo ji shi
606 0  @a载人航天飞行@j普及读物
606 0  @a载人航天飞行
690    @aV527@v3
701  0 @a邸乃庸@9di nai yong@4编著
801  0 @aCN@bRENTIAN@c20061106
905    @a10447@dV527@e34
    
    人在太空:航天员太空生活工作纪实/邸乃庸编著.-深圳:海天出版社,2005
    227页:照片;21cm
    
    
    ISBN 7-80697-614-0:CNY34.50
    本书用大量实际拍摄的航天员在太空各种活动的照片,以图文并茂的形式,展现航天员在太空生活、工作、科学实验等精彩画卷。
●
相关链接 在E读中查询图书 在五车中查询图书 在当当中查询图书 在豆瓣中查询图书


正题名:人在太空     索取号:V527/34         预约/预借

序号 登录号 条形码 馆藏地/架位号 状态 备注
1 0381699   203816996   第二样本阅览室/ [索取号:V527/34] 在馆    
2 0381700   203817003   第三借阅区/ [索取号:V527/34] 在馆    
3 0381701   203817012   第三借阅区/ [索取号:V527/34] 在馆    
4 0381702   203817021   第三借阅区/ [索取号:V527/34] 在馆    
5 0381703   203817030   第三借阅区/ [索取号:V527/34] 在馆    
唐山师范学院图书馆 欢迎您!
大连网信软件有限公司© 版权所有